000
00236nam a2200097Ia 4500
001
703608
005
20250826162355.0
008
250824s9999 xx 000 0 und d
245
0
_a
KAYIP RÜYACI
_c
ASLI DER
260
_b
GÜNIŞIĞI YAYINLARI
999
_c
703608
_d
703608